000 00611nam a2200181 a 4500
001 000029056
005 20250924073803.0
008 091013s1991 dr 000 0 spa d
040 _aDO-SdBNP
_bspa
_cBNPHU
082 _aRD861.44
_bS462m
245 0 0 _aHomenajes a seis poetas /.
260 _aSanto Domingo :
_bEditora Universitária UASD,
_c1991.
300 _a47 P. ;
_c21 cm.
490 1 _aPublicaciones de la Universidad Autónoma de Santo Domingo ;
710 1 _aUniversidad Autónoma de Santo Domingo
_972951
830 _aPublicaciones de la Universidad Autónoma de Santo Domingo
_952
049 _aBNPD
999 _c28548
_d28548